00609nam a2200181 4500999001900000005001700019020001500036035001300051037001300064082000800077100002000085245009800105260002000203270004200223300002400265942002200289952011600311 c163705d16370520190426120102.0 a8131715035 aB-226157 bDBAD/PUB a000 aKhattar,Dinesh  aThe pearson guide to quantitative aptitude:bfor MBA entrance examination/cby Dinesh Khattar aNew Delhic2008 a482,F.I.E.,patparganj,bDelhie110092 ax,843p.c28cms(hbk) 2ddccENh000mKHA 00104070aLbLd2019-04-26eDBADl6m6o000 KHApB-226157r2020-08-10 00:00:00s2020-07-24t1w2019-04-26yEN